[Event "Panevezys Elite Open 2020"]
[Site "Panevezys"]
[Date "2020.06.26"]
[Round "1.1"]
[White "Meshkovs, Nikita"]
[Black "Krivonosov, Oleg"]
[Result "1/2-1/2"]
[WhiteElo "2582"]
[BlackElo "2391"]
[Annotator "TA"]
[PlyCount "118"]
[EventDate "2020.06.26"]
[EventType "swiss"]
[EventCountry "LTU"]
[SourceTitle "playchess.com"]
[Source "ChessBase"]
[SourceQuality "1"]

{[%evp 18,118,19,-15,16,1,22,0,0,0,0,0,0,0,0,0,8,0,0,0,0,0,0,0,0,0,7,7,10,12,8,4,5,5,4,3,12,7,27,19,65,65,65,65,66,42,43,15,15,15,15,0,0,0,15,15,15,0,0,0,0,0,0,0,0,0,0,0,0,0,0,0,0,0,0,0,0,0,0,0,0,0,0,0,0,0,0,0,0,0,0,0,0,0,0,0,0,0,0,0,0,0,0]} 1. Nf3 Nf6 2. g3 d5 3. Bg2 e6 4. O-O Be7 5. c4 O-O 6. b3 b6 7. Bb2 Bb7 8. e3 c5 9. Qe2 Nc6 10. Nc3 Qc8 {10...d4 is becoming the main line. A14: English Opening: 1...e6 with b3 by White.} 11. Rfd1 Rd8 12. d3 d4 13. exd4 $1 Nxd4 14. Nxd4 cxd4 15. Ne4 Nxe4 16. Bxe4 Bc5 {[#]} 17. Qf3 $146 ({Predecessor:} 17. Re1 h6 18. Qf3 Bxe4 19. Rxe4 Qc6 20. Kg2 Rd7 21. Rae1 a5 22. a4 Bb4 23. R1e2 {1-0 (79) Triapishko,A (2502)-Faizrakhmanov,R (2434) Moscow 2019}) 17... Bxe4 18. Qxe4 Qd7 19. a3 a5 20. Rdb1 Ra7 21. b4 axb4 (21... Be7 {is interesting.} 22. b5 Bc5 23. f4 Re8 24. a4 Qd6) 22. axb4 Bxb4 23. Rxa7 Qxa7 24. Bxd4 Bc5 25. Bxc5 bxc5 $11 {[%mdl 4096] Endgame KQR-KQR} 26. Rb7 Qa1+ 27. Kg2 h6 (27... Qf6 {feels hotter.} 28. Qe3 Qf5 29. Rb5 Kf8 30. Rb3 Ke7) 28. Qf3 Qf6 29. Qxf6 $1 gxf6 $14 {KR-KR} 30. Rb3 $1 Rd4 31. f3 f5 32. f4 f6 {The position is equal.} 33. Kf2 e5 34. Rb5 Rxd3 35. Rxc5 Rc3 36. fxe5 fxe5 37. Ke2 {Threatens to win with Kd2.} f4 38. gxf4 exf4 39. Kd2 Rh3 40. Rf5 Rxh2+ 41. Kd3 Rh1 42. Rxf4 Rc1 43. Kd4 (43. Kd2 {looks sharper.} Rb1 44. Kc2 Rb8 45. Kc3 Kg7 46. Kd4) 43... Kg7 44. c5 Kg6 45. Kd5 h5 46. c6 Kg5 47. Rc4 Rd1+ $1 48. Kc5 {[#] And now c7 would win.} Rd8 49. c7 Rc8 50. Kd6 h4 51. Kd7 Rxc7+ 52. Rxc7 $11 {KR-KP} h3 53. Ke6 Kf4 54. Rc3 Kg4 55. Ke5 h2 56. Rc1 Kf3 57. Kf5 Kg2 58. Kg4 {[#] Rc2+ would kill now.} h1=Q 59. Rxh1 Kxh1 {Accuracy: White = 97%, Black = 94%.} 1/2-1/2

[Event "Panevezys Elite Open 2020"]
[Site "Panevezys"]
[Date "2020.06.26"]
[Round "1.2"]
[White "Baum, Jonasz"]
[Black "Heberla, Bartlomiej"]
[Result "1/2-1/2"]
[WhiteElo "2373"]
[BlackElo "2572"]
[Annotator "TA"]
[PlyCount "74"]
[EventDate "2020.06.26"]
[EventType "swiss"]
[EventCountry "LTU"]
[SourceTitle "playchess.com"]
[Source "ChessBase"]
[SourceQuality "1"]

{[%evp 10,74,25,15,12,-26,20,43,28,13,17,16,12,16,19,16,15,12,13,3,4,0,0,-4,20,24,21,15,32,8,25,20,25,32,41,0,50,0,0,0,8,9,12,0,0,0,0,0,0,0,0,-2,0,0,0,-1188,-13,-13,0,-146,0,0,0,0,0,0,0]} 1. e4 e6 2. d4 d5 3. e5 c5 4. c3 Qb6 5. Nf3 Bd7 6. Be2 cxd4 {C02: French: Advance Variation.} 7. O-O Bb5 8. Bxb5+ Qxb5 {White is slightly better.} 9. Nxd4 Qd7 10. f4 {[#]} Ne7 $146 ({Predecessor:} 10... Nc6 11. Be3 Nge7 12. Nd2 Nxd4 13. Bxd4 h5 14. Bf2 Nf5 15. Qe2 Be7 16. Rad1 b5 {1-0 (31) Houska,J (2190)-Miloradovic,J (2130) Calicut 1998}) 11. Nd2 {[%cal Bb1d2,Bd2b3,Bb3d4][%mdl 32]} Nbc6 12. N2b3 Nxd4 13. Nxd4 Nc6 14. Be3 Bc5 15. Qg4 O-O 16. Rad1 f5 17. exf6 Rxf6 18. Nc2 Qe7 19. Rfe1 Raf8 20. g3 $1 Rg6 21. Qf3 Bd6 22. Nd4 Kh8 23. f5 exf5 24. Qxd5 Nxd4 25. Bxd4 ({But not} 25. cxd4 Qc7 $17) 25... Qc7 26. Be5 {[%cal Re5d6]} Qb6+ 27. Kh1 {[%cal Re5d6]} Bxe5 28. Rxe5 Rgf6 29. Re7 Qxb2 30. Qxb7 $40 {[%mdl 128] White is up to no good.} Rb6 31. Rf7 {[%cal Rf7f8]} Rg8 32. Qe7 $2 {[%mdl 8192]} (32. Qd5 $11) 32... Rh6 $2 (32... Qc2 $19 33. Re1 Rb2) 33. h4 $11 Qxc3 34. Rd8 {[#]} (34. Rf8 $1 $11 {keeps the balance.} Qf3+ 35. Kh2 Qf2+ 36. Kh3 Rxh4+ 37. gxh4 (37. Kxh4 $2 {is a self mate.} g5+ 38. Kh3 g4+ 39. Kh4 Qh2#) 37... Qf3+ {[%mdl 64] Double Attack} 38. Kh2 Qf2+ {[%mdl 64] Double Attack} 39. Kh3 Qf3+ {[%mdl 64] Double Attack} 40. Kh2 Qf2+ {[%mdl 64] Double Attack} 41. Kh3) 34... Qf3+ (34... Qa1+ $1 $17 35. Kh2 Qxa2+ 36. Kh3 {[#]} Qxf7 $1 {[%mdl 576] Deflection} 37. Qxf7 Rxd8 38. Qxf5 Rhd6) 35. Kh2 {White threatens Rxg8+ and mate.The position is equal.} Qf2+ 36. Kh1 {Threatening mate with Rxg8+.} Qf1+ {[#]} 37. Kh2 $1 {[%mdl 512] White wants to mate with Rxg8+.} Qf2+ {Accuracy: White = 75%, Black = 77%.} 1/2-1/2

[Event "Panevezys Elite Open 2020"]
[Site "Panevezys"]
[Date "2020.06.26"]
[Round "1.3"]
[White "Laurusas, Tomas"]
[Black "Juksta, Karolis"]
[Result "1/2-1/2"]
[WhiteElo "2511"]
[BlackElo "2366"]
[Annotator "TA"]
[PlyCount "112"]
[EventDate "2020.06.26"]
[EventType "swiss"]
[EventCountry "LTU"]
[SourceTitle "playchess.com"]
[Source "ChessBase"]
[SourceQuality "1"]

{[%evp 10,112,-22,-16,11,17,18,-28,-14,-17,-15,-32,-8,-14,-16,-55,-37,-52,-45,-48,-43,-43,-45,-57,-52,-57,-18,-27,34,26,30,26,30,36,36,39,41,11,17,19,56,36,43,-1,-1,-6,-6,-11,-2,-8,-3,-8,-6,-6,0,-12,0,-20,-6,-17,0,0,0,0,0,0,8,0,0,-8,-8,-8,-8,-8,-8,-12,8,0,0,0,0,-4,-2,-3,0,0,0,0,0,-8,3,3,8,8,8,8,8,5,8,8,8,8,8,8,8]} 1. c4 e5 2. Nc3 Bb4 3. Qc2 Nf6 4. a3 Bxc3 5. Qxc3 Nc6 6. Nf3 e4 {A21: English Opening: 1...e5 2 Nc3.} 7. Nd4 O-O 8. b3 Ne5 {Black has an edge.} 9. Bb2 Re8 {[#]} 10. Nf5 $146 ({Predecessor:} 10. O-O-O d5 11. cxd5 Neg4 12. Re1 Nxf2 13. Rg1 e3 14. d3 Nxd5 15. Qc2 Bd7 16. Kb1 {0-1 (34) Libeau,R (2340)-Gavrikov,V (2535) Berlin West 1989}) 10... d5 11. Ne3 dxc4 12. bxc4 Nfg4 13. f4 {[#] Hoping for Nxg4.} exf3 $1 14. exf3 Nxe3 15. dxe3 {aiming for f4.} Qh4+ 16. g3 Qh6 17. e4 $1 Bf5 {[#] White must now prevent ...Nxf3+!} 18. Be2 Rad8 (18... Bh3 $11) 19. O-O $1 $36 {[%mdl 2048] Black is under pressure.} (19. exf5 $2 Nd3+ 20. Kf1 Nxb2 $19) 19... Bc8 ({Don't go for} 19... Rd2 $2 20. Bc1 $18) 20. Rad1 f6 21. c5 Qh5 22. Bc1 Qf7 23. Bb5 c6 24. Be2 Qa2 25. Rf2 Be6 26. f4 Rxd1+ $1 {The position is equal.} 27. Bxd1 Qc4 28. Qxc4 Nxc4 29. Bc2 b6 30. cxb6 axb6 31. Kg2 Ra8 32. Rf3 Kf8 33. f5 Bf7 34. g4 h6 35. h4 Ra5 36. g5 hxg5 37. hxg5 fxg5 38. Rh3 g6 39. Rh8+ Kg7 40. Rc8 gxf5 41. exf5 Bd5+ 42. Kg3 Ra7 43. Bd3 b5 44. Bxc4 bxc4 $11 {[%mdl 4096] Endgame KRB-KRB} 45. Bb2+ Kf7 {And now ...c3! would win.} 46. Kg4 Ra5 47. Rc7+ Ke8 48. Kxg5 Be4 49. Kf6 {Threatens to win with Re7+.} Bxf5 (49... Kd8 {is more complex.} 50. Rb7 Rxf5+ 51. Ke6 Kc8 52. Rb4 Rf3) 50. Rxc6 Bd7 51. Rxc4 Rf5+ 52. Kg6 Rf3 53. Rb4 Bc6 54. a4 Bd5 55. a5 Rb3 56. Rxb3 Bxb3 {Accuracy: White = 91%, Black = 89%.} 1/2-1/2

[Event "Panevezys Elite Open 2020"]
[Site "Panevezys"]
[Date "2020.06.26"]
[Round "1.4"]
[White "Chukavin, Kirill"]
[Black "Starostits, Ilmars"]
[Result "0-1"]
[WhiteElo "2348"]
[BlackElo "2490"]
[Annotator "RC"]
[PlyCount "66"]
[EventDate "2020.06.26"]
[EventType "swiss"]
[EventCountry "LTU"]
[SourceTitle "playchess.com"]
[Source "ChessBase"]
[SourceQuality "1"]
[TimeControl "40/5400+30:1800+30"]

1. e4 {[%emt 0:00:00]} c5 {[%emt 0:00:00]} 2. Nf3 {[%emt 0:01:09]} Nc6 {[%emt 0:00:00]} 3. d4 {[%emt 0:00:16]} cxd4 {[%emt 0:00:00]} 4. Nxd4 {[%emt 0:00:08]} Qb6 {[%emt 0:00:00]} 5. Nb3 {[%emt 0:01:19]} Nf6 {[%emt 0:00:00]} 6. Nc3 {[%emt 0:00:47]} e6 {[%emt 0:00:06]} 7. Be3 {[%emt 0:00:51]} Qc7 {[%emt 0:00:11]} 8. Bd3 {[%emt 0:00:46]} Bb4 {[%emt 0:00:47]} 9. f4 {[%emt 0:03:49]} e5 {[%emt 0:04:10]} 10. O-O {[%emt 0:10:50]} Bxc3 {[%emt 0:00:10]} 11. bxc3 {[%emt 0:00:06]} d6 {[%emt 0:02:24]} 12. Kh1 {[%emt 0:12:02]} b6 {[%emt 0:05:33]} 13. fxe5 {[%emt 0:04:53]} dxe5 {[%emt 0:00:59]} 14. Bg5 {[%emt 0:18:19]} Bg4 {[%emt 0:08:48]} 15. Qe1 {[%emt 0:16:12]} Nd7 {[%emt 0:00:06]} 16. Bc4 {[%emt 0:02:32]} Bh5 {[%emt 0:03:45]} 17. Qh4 {[%emt 0:03:11]} Bg6 {[%emt 0:00:32]} 18. Rad1 {[%emt 0:01:41]} O-O {[%emt 0:02:05]} 19. Qg4 {[%emt 0:03:27]} Na5 {[%emt 0:06:05]} 20. Nxa5 {[%emt 0:04:04]} bxa5 {[%emt 0:00:33]} 21. Bd5 {[%emt 0:00:05]} Rae8 {[%emt 0:05:24]} 22. Bc1 {[%emt 0:06:29]} Kh8 {[%emt 0:15:28]} 23. Ba3 {[%emt 0:00:26]} Nc5 {[%emt 0:01:19]} 24. h4 {[%emt 0:01:01]} h5 {[%emt 0:03:06]} 25. Qg5 {[%emt 0:01:20]} Rc8 {[%emt 0:01:03]} 26. g4 {[%emt 0:05:45]} Nxe4 {[%emt 0:05:25]} 27. Bxe4 {[%emt 0:01:12]} Bxe4+ {[%emt 0:00:04]} 28. Kh2 {[%emt 0:00:02]} Rfd8 {[%emt 0:03:21]} 29. Rxd8+ {[%emt 0:01:15]} Rxd8 {[%emt 0:00:42]} 30. Rxf7 {[%emt 0:00:32]} Qxf7 {[%emt 0:00:20]} 31. Qxd8+ {[%emt 0:00:02]} Kh7 {[%emt 0:00:08]} 32. Qd2 {[%emt 0:00:27]} Qf3 {[%emt 0:00:17]} 33. Bc5 {[%emt 0:00:33]} hxg4 {[%emt 0:00:21]} 0-1

[Event "Panevezys Elite Open 2020"]
[Site "Panevezys"]
[Date "2020.06.26"]
[Round "1.5"]
[White "Malisauskas, Vidmantas"]
[Black "Brazdzionis, Andrius"]
[Result "0-1"]
[WhiteElo "2423"]
[BlackElo "2342"]
[Annotator "TA"]
[PlyCount "62"]
[EventDate "2020.06.26"]
[EventType "swiss"]
[EventCountry "LTU"]
[SourceTitle "playchess.com"]
[Source "ChessBase"]
[SourceQuality "1"]

{[%evp 16,62,12,12,41,0,10,0,16,17,87,88,121,30,54,34,37,41,54,55,53,55,80,85,62,-66,116,-203,-215,-215,-230,-693,-676,-1008,-1008,-1786,-1704,-1799,-812,-800,-801,-801,-784,-775,-747,-1006,-795,-727,-495]} 1. Nf3 Nf6 2. c4 e6 3. Nc3 d5 4. d4 Bb4 5. Bg5 dxc4 6. e4 c5 7. Bxc4 cxd4 8. Nxd4 Bxc3+ 9. bxc3 {And now Bb5+ would win.} Qa5 {D39: Queen's Gambit Declined: Ragozin Defence with 5 Bg5 dxc4.} 10. Bd2 (10. Bxf6 $5 Qxc3+ {[%mdl 64] Double Attack} 11. Kf1 gxf6 12. Rc1 $11) 10... O-O 11. Qe2 Nbd7 {The position is equal.} 12. O-O Ne5 (12... e5 $11) 13. Bb3 $1 $16 b6 14. a4 (14. Nb5 $1 $16) 14... Bb7 15. f3 Qc5 16. Rfc1 {[#]} Rfc8 $146 ({Predecessor:} 16... a5 17. Be3 Ba6 18. c4 Qe7 19. Nb5 Nfd7 20. Nc7 Nc5 21. Nxa8 Nxb3 22. Nxb6 Nxa1 23. Rxa1 {½-½ (32) Drenchev,P (2392)-Inkiov,V (2502) Niort 2004}) 17. Be3 Qe7 18. a5 bxa5 19. Rxa5 Qc7 20. Qa2 (20. Rca1 $14) 20... a6 $2 (20... Neg4 $1 $15 {stays ahead.} 21. e5 Nxe3 22. exf6 Nd5) 21. Bf4 $2 {[%mdl 8192] [#] Now White is beyond hope.} (21. Nxe6 $1 $16 {keeps the pressure on.} fxe6 22. Bxe6+ Kh8 23. Bxc8 Rxc8 24. Bd4) 21... Nxf3+ $1 $19 {[%mdl 576] Discovered Attack} 22. gxf3 (22. Nxf3 Qxf4) 22... Qxf4 23. Qa1 $2 (23. Re1 Rxc3 24. Bxe6) 23... e5 {Black is clearly winning.} 24. Nf5 Qxf3 25. Nd6 Qe3+ 26. Kh1 Bxe4+ (26... Rd8 $142 27. Rxe5 Nxe4 28. Bxf7+ {[#]} Kh8 $1 {[%mdl 512]} 29. Rd5 Rxd6 30. Rc2 Rxd5 31. Bxd5 Bxd5 32. Rg2 Nf2+ {[%mdl 64] Discovered Attack} 33. Kg1 Nh3+ $1 {[%mdl 576] Discovered Attack (Double check)} 34. Kh1 Qf2 {[%mdl 64] Pin} 35. Qd1 Bxg2#) 27. Nxe4 Qxe4+ 28. Kg1 Qe3+ 29. Kh1 Rd8 30. Rd1 Rxd1+ 31. Qxd1 h6 {Accuracy: White = 24%, Black = 55%.} 0-1

[Event "Panevezys Elite Open 2020"]
[Site "Panevezys"]
[Date "2020.06.26"]
[Round "1.6"]
[White "Jazdanovs, Aleksandrs"]
[Black "Baliuniene, Margarita"]
[Result "1-0"]
[WhiteElo "2222"]
[BlackElo "2013"]
[Annotator "TA"]
[PlyCount "79"]
[EventDate "2020.06.26"]
[EventType "swiss"]
[EventCountry "LTU"]
[SourceTitle "playchess.com"]
[Source "ChessBase"]
[SourceQuality "1"]

{[%evp 12,78,7,0,0,-3,-1,0,-9,-5,-5,-7,-4,-14,0,-4,0,-43,-39,-56,-7,-20,-9,-16,0,0,0,-46,-32,-42,10,6,53,51,155,155,176,183,181,181,307,308,283,278,289,287,310,300,289,291,293,291,369,349,440,370,351,358,562,516,29990,29988,29988,524,29995,29996,29996,29997,29999]} 1. e4 c5 2. Nf3 Nc6 3. Nc3 g6 4. d4 cxd4 5. Nxd4 Bg7 6. Be3 Nf6 7. g3 O-O {B34: Sicilian: Accelerated Dragon with 5 Nc3: sidelines.} 8. Bg2 Ng4 9. Qxg4 {Threatens to win with 0-0-0.} Nxd4 {The position is equal.} 10. Qd1 Nc6 $1 11. O-O d6 12. f4 Qa5 13. Qd2 Be6 {[#]} 14. f5 $146 ({Predecessor:} 14. h3 f5 15. Kh2 Kh8 16. Rfd1 Rac8 17. Nd5 Qxd2 18. Rxd2 b6 19. c3 Rfe8 20. Bf2 {1-0 (33) Auvinen,E (1987)-Luodonpaa,M (1991) Helsinki 2008}) 14... Bc4 15. Rf2 Rac8 (15... Bxc3 {is more complex.} 16. bxc3 f6 17. g4 g5 18. h4 gxh4 19. g5 Rf7) 16. Nd1 Qxd2 17. Rxd2 b6 18. c3 Ba6 19. b3 Ne5 20. Rc1 Nd3 ({Black should play} 20... Rc7 $15) 21. Bf1 $11 Nxc1 (21... Nc5 {looks sharper.} 22. Bxa6 Nxa6 23. Kg2 Rc7 24. c4 b5) 22. Bxa6 Rc7 {[#] Black is now going downhill.} (22... b5 $14) 23. Rc2 $1 $16 Nxa2 24. Rxa2 gxf5 25. exf5 d5 (25... Be5 {was called for.} 26. Bc4 Rb8) 26. Bf4 $18 Rd7 27. Bb5 Rdd8 28. Rxa7 e5 29. fxe6 fxe6 30. Kg2 Ra8 31. Re7 Ra1 32. Ne3 Bxc3 33. Rxe6 Ra2+ 34. Kh3 d4 (34... Rf6 {might work better.}) 35. Ng4 {Threatening mate with Nh6+.} Rd8 (35... d3 $18 36. Bxd3 Ra7 37. Rxb6 Rc8) 36. Nh6+ Kf8 37. Bd6+ (37. Rf6+ $142 Ke7 38. Bg5 Rf2 39. Rg6+ {[%mdl 64] Discovered Attack} Rf6 40. Rxf6 Rd5 41. Ng8+ Kd8 {[#]} 42. Rf8+ $1 {[%mdl 576] Discovered Attack (Double check)} Kc7 43. Bf4+ Rd6 44. Rf7+ {[%mdl 64] Double Attack} Kc8 45. Bxd6 Bd2 46. Ne7+ Kb7 47. Nc6+ Kc8 48. Rc7#) 37... Kg7 38. Be5+ {[%mdl 64] Discovered Attack. White mates.} Kf8 39. Rf6+ Ke7 40. Nf5# {Accuracy: White = 84%, Black = 50%.} 1-0

[Event "Panevezys Elite Open 2020"]
[Site "Panevezys"]
[Date "2020.06.26"]
[Round "1.7"]
[White "Jablokov, Dmitrij"]
[Black "Steponavicius, Stasys"]
[Result "0-1"]
[WhiteElo "1962"]
[BlackElo "2183"]
[Annotator "TA"]
[PlyCount "90"]
[EventDate "2020.06.26"]
[EventType "swiss"]
[EventCountry "LTU"]
[SourceTitle "playchess.com"]
[Source "ChessBase"]
[SourceQuality "1"]

{[%evp 16,90,9,0,0,-16,12,0,0,-7,0,0,0,0,0,-6,7,8,30,29,48,47,54,33,40,38,48,46,39,0,39,31,35,20,22,0,0,0,0,0,0,-4,0,0,0,0,0,0,7,0,0,-36,-34,-58,-55,-136,-137,-1291,-1621,-5932,-5932,-2159,0,0,0,0,0,0,0,0,0,-269,-262,-247,-245,-5106,-5106]} 1. d4 Nf6 2. c4 e6 3. g3 Bb4+ 4. Bd2 Be7 5. Bg2 d5 6. Nf3 O-O 7. O-O c6 8. Qc2 b6 9. cxd5 cxd5 {E11: Bogo-Indian.} 10. Bf4 Ba6 11. Ne5 Nfd7 {The position is equal.} 12. Nxd7 (12. Nf3 {seems wilder.} Bb7 13. h4 Nc6 14. Rc1 Rc8 15. Qd1) 12... Nxd7 13. Nc3 Nf6 14. Qa4 Bb7 15. Rac1 a6 {[#]} 16. Qb3 $146 ({Predecessor:} 16. Qd1 Rc8 17. Qd2 {½-½ (16) Vaitonis,V (2029)-Dubinskas,K (2052) Klaipeda 2011}) 16... Bd6 17. Bg5 h6 18. Bxf6 gxf6 19. e4 dxe4 20. Nxe4 Bd5 21. Qe3 Kg7 22. Bh3 f5 23. Nc3 $1 {[%cal Rc3d5]} Bb7 24. d5 Bc5 25. Qe5+ Qf6 26. Qc7 Bxd5 27. Nxd5 exd5 28. b4 $132 {[%mdl 2048] White is not keeping still} Rac8 29. Qf4 Bd6 30. Qf3 Rxc1 31. Rxc1 Bxb4 32. Bxf5 Bc5 33. Qxd5 Rd8 34. Qf3 Rd2 35. Qg4+ {[#]} (35. a4 $1 $15) 35... Kf8 $1 $17 36. Qf4 $2 {[%mdl 8192]} (36. a4 $17) 36... Rxf2 $19 37. Qb8+ {[#]} Kg7 $1 38. Rxc5 Re2 $2 ({Less strong is} 38... bxc5 39. Kxf2 Qxf5+ 40. Ke3 $17) (38... Rxa2 $19 {( -> ...Qd4+)} 39. Rc2 Qd4+ 40. Kf1 Ra1+ 41. Ke2 Qd1+ 42. Ke3 Ra3+ 43. Kf4 Qf3+ 44. Ke5 Ra5+ 45. Kd6 Rd5+ 46. Kc6 Rd8+ 47. Kc7 Rxb8 48. Kxb8 Qxf5) 39. Qf4 $11 {Hoping for Qg4+.} bxc5 {[%mdl 4096] Endgame KQR-KQB} 40. Qg4+ Qg5 41. Qxe2 {Bc2 is the strong threat.} Qxf5 42. Qxa6 Qc2 43. Qc6 $2 {[%mdl 8192]} (43. Qb6 $11 {and White stays safe.}) 43... Qb1+ $19 ({Weaker is} 43... Qxa2 44. Qxc5 Qb1+ 45. Kg2 $11) 44. Kf2 Qxa2+ 45. Ke3 $2 (45. Kf3 Qa3+ 46. Ke4) 45... Qe6+ {Accuracy: White = 61%, Black = 90%.} 0-1

[Event "Panevezys Elite Open 2020"]
[Site "Panevezys"]
[Date "2020.06.26"]
[Round "1.8"]
[White "Bekasovs, Rihards"]
[Black "Boyajyan, David"]
[Result "1/2-1/2"]
[WhiteElo "2179"]
[BlackElo "1949"]
[Annotator "TA"]
[PlyCount "74"]
[EventDate "2020.06.26"]
[EventType "swiss"]
[EventCountry "LTU"]
[SourceTitle "playchess.com"]
[Source "ChessBase"]
[SourceQuality "1"]

{[%evp 16,74,31,31,35,27,50,44,55,22,29,21,29,21,28,7,46,22,25,20,29,0,26,10,26,15,13,0,0,7,13,0,0,0,0,0,0,0,9,13,17,18,22,0,0,0,6,0,0,0,0,-71,0,0,0,0,0,0,0,0,0]} 1. Nf3 d5 2. c4 c6 3. e3 Nf6 4. Nc3 g6 5. b3 Bg7 6. Bb2 O-O 7. Be2 Nbd7 8. d4 Re8 9. O-O Ne4 {D94: Grünfeld: 4 Nf3 Bg7 5 e3.} 10. Rc1 Ndf6 11. Nxe4 (11. Ne5 {is interesting.} Nxc3 12. Bxc3 Ne4 13. Bb2 Nd6 14. Re1) 11... Nxe4 {White is slightly better.} 12. Nd2 {[#]} Nxd2 $146 ({Predecessor:} 12... Nd6 13. f4 Nf5 14. Rf3 Nh4 15. Rf2 Nf5 16. Nf1 Qd6 17. g4 Nh4 18. Ng3 h6 {1-0 (28) Hossain,A-Nasser,H Penang 1991}) 13. Qxd2 Bf5 14. Rfd1 h5 15. h3 h4 16. Bd3 Bxd3 17. Qxd3 e6 18. e4 a5 19. a4 Rc8 20. Bc3 b6 21. Rc2 e5 22. dxe5 {[%cal Rc4d5]} dxe4 23. Qe2 Qg5 24. Qxe4 {Strongly threatening f4.} Bxe5 25. Qf3 Bxc3 26. Rxc3 Re7 (26... Rcd8 {feels hotter.} 27. Rcd3 Rxd3 28. Qxd3 Qe5 29. Qf3 c5) 27. Qg4 Qxg4 28. hxg4 $11 {[%mdl 4096] Endgame KRR-KRR} Rce8 29. Kf1 c5 30. Rcd3 Re4 31. f3 Re3 32. Kg1 Kg7 33. Kf1 (33. R1d2 $11) 33... g5 (33... Re2 $17) 34. R1d2 {The position is equal.} Re1+ 35. Kf2 Rb1 36. Rd1 Rb2+ 37. R1d2 Rb1 {Accuracy: White = 87%, Black = 92%.} 1/2-1/2

[Event "Panevezys Elite Open 2020"]
[Site "Panevezys"]
[Date "2020.06.26"]
[Round "1.9"]
[White "Bagdanskis, Dangis"]
[Black "Stremavicius, Pijus"]
[Result "0-1"]
[WhiteElo "1916"]
[BlackElo "2163"]
[Annotator "TA"]
[PlyCount "102"]
[EventDate "2020.06.26"]
[EventType "swiss"]
[EventCountry "LTU"]
[SourceTitle "playchess.com"]
[Source "ChessBase"]
[SourceQuality "1"]

{[%evp 9,102,32,60,36,34,29,32,33,31,21,87,87,83,0,0,0,0,-7,-13,-120,-120,-133,-131,-134,-104,-86,-92,-105,-93,-90,-91,-123,-124,-120,-118,-123,-126,-168,-164,-152,-53,-51,-53,-166,-139,-137,-133,-142,-96,-119,-129,-133,-123,-129,-131,-216,-201,-200,-187,-187,-187,-191,-188,-315,-304,-323,-283,-270,-89,-152,-137,-146,-107,-245,-246,-374,-375,-622,-598,-1072,-1033,-1101,-1054,-1288,-1156,-2521,-1985,-5527,-5309,-29982,-29983,-29991,-29992,-29993,-29994]} 1. d4 d6 2. c3 Nf6 3. Nf3 Bg4 4. Qb3 Qc8 5. h3 {[#]} Bh5 $146 ({Predecessor:} 5... Bxf3 6. exf3 e6 7. Bd3 d5 8. O-O Bd6 9. Qa4+ Nbd7 10. b4 O-O 11. f4 c6 {0-1 (41) Rozhko,D (2335)-Kovalenko,I (2626) Yerevan 2014}) 6. Bg5 {A46: 1 d4 Nf6 2 Nf3 e6: Torre, London and Colle Systems.} Nbd7 7. Nbd2 h6 8. Bxf6 {White is slightly better.} Nxf6 9. e4 Bg6 {[#]} (9... e6 $11) 10. e5 $1 $16 {[%cal Re5f6]} Nd7 11. Nh4 (11. Bc4 $16) 11... Bh7 $1 $11 12. exd6 cxd6 13. Bc4 e6 14. Bxe6 (14. O-O $11 {remains equal.}) 14... fxe6 $17 15. Qxe6+ Kd8 16. Ng6 Rg8 17. O-O Kc7 18. Rfe1 Nf6 19. Nxf8 Rxf8 20. Qxc8+ Raxc8 21. Re7+ Kb8 22. Rxg7 Rc7 23. Rg3 Re8 24. Re3 Rce7 ({Black should play} 24... Rxe3 $17 25. fxe3 Bd3) 25. Rae1 $15 Rxe3 26. fxe3 (26. Rxe3 $15 Rxe3 27. fxe3) 26... Ne4 27. Nxe4 Bxe4 $17 {[%mdl 4096] Endgame KRB-KR} ({Much less strong is} 27... Rxe4 28. Rf1 $11) 28. Rf1 Kc7 29. Rf7+ Kc6 30. Kf2 h5 31. Rf4 a5 32. a3 (32. Rh4 $17) 32... b5 33. Rh4 Bg6 34. g4 hxg4 35. Rxg4 Bf5 36. Rh4 (36. Rg5 {might work better.} Bxh3 37. Ke2) 36... Kd5 $19 37. Rh5 Ke4 38. Ke2 Bd7 $2 (38... a4 $19 39. Kf2 Be6 40. Rxb5 Bxh3) 39. Rh7 {[#]} (39. b3 $142) 39... Be6 $1 $17 40. Rh4+ Kd5 41. Rh5+ {This costs White the game.} (41. b3 $17) 41... Kc4 $19 42. e4 (42. a4 $142 bxa4 43. Rxa5) 42... Bf7 43. Rh4 $2 (43. Rf5 Bg6 44. Rf6 Bxe4 45. Kd2) 43... Kb3 44. Rf4 Bc4+ 45. Kd2 Kxb2 46. h4 Kxa3 47. h5 Kb2 48. h6 a4 49. h7 a3 {Black mates.} 50. d5 a2 51. e5 a1=Q {Accuracy: White = 45%, Black = 77%.} 0-1

[Event "Panevezys Elite Open 2020"]
[Site "Panevezys"]
[Date "2020.06.26"]
[Round "1.10"]
[White "Juknis, Paulius"]
[Black "Bagvilas, Lukas"]
[Result "1-0"]
[WhiteElo "2127"]
[BlackElo "1907"]
[Annotator "TA"]
[PlyCount "43"]
[EventDate "2020.06.26"]
[EventType "swiss"]
[EventCountry "LTU"]
[SourceTitle "playchess.com"]
[Source "ChessBase"]
[SourceQuality "1"]

{[%evp 10,43,29,25,23,15,13,10,10,17,30,30,43,17,21,29,23,-10,15,-11,18,0,28,0,216,49,56,0,60,75,879,877,879,875,1149,643]} 1. e4 c6 2. Nc3 d5 3. Nf3 dxe4 4. Nxe4 Nf6 5. Qe2 Nxe4 6. Qxe4 Nd7 {B11: Caro-Kann: Two Knights Variation.} 7. Bc4 {Hoping for Ng5!} Nf6 8. Ne5 {[%csl Ge5][%cal Rc4f7]} e6 {The position is equal.} 9. Qe2 Bd6 10. d4 {[#]} Nd5 $146 ({Predecessor:} 10... Qc7 11. c3 O-O 12. O-O b6 13. Bg5 Nd5 14. Bd2 Bb7 15. Bd3 c5 16. Rad1 Rfd8 {1-0 (43) Gunina,V (2506)-Danielian,E (2417) chess.com INT 2019}) 11. c3 O-O 12. O-O Qc7 13. f4 Re8 14. Bb3 b5 15. Bc2 a5 16. Rf3 f6 $2 {[#]} (16... c5 $11 {and Black has nothing to worry.}) 17. Bxh7+ $2 (17. Rh3 $1 $18 {[%cal Rh3h7]} h6 18. Qg4 Bxe5 19. fxe5) 17... Kxh7 $14 18. Rh3+ Kg8 19. Qh5 {[%csl Gh3][%cal Rh5h8]} fxe5 $2 {[%mdl 8192]} (19... Kf8 $16) 20. Qxe8+ $18 {White is clearly winning.} Bf8 21. fxe5 Qf7 {[#]} 22. Rh8+ $1 {[%mdl 512] Accuracy: White = 55%, Black = 36%.} 1-0